Do Minimum Wage Changes Influence Employment?

Gespeichert in:
Bibliographische Detailangaben
1. Verfasser: Vokorokosová, Renáta, 1967-
Format: Buchkapitel
Sprache:Englisch
Tags: Tag hinzufügen
Keine Tags, Fügen Sie das erste Tag hinzu!

MARC

LEADER 00000naa a2200000 4500
001 0296565
005 20240502083955.0
041 0 |a eng 
044 |a RS 
245 1 0 |a Do Minimum Wage Changes Influence Employment?  |c Renáta Vokorokosová 
100 1 |a Vokorokosová, Renáta, 1967-